Hiszpański - słówka - Statystyki

Ogólne statystyki
  • Ten quiz został rozwiązany 160 razy
  • Średni wynik to 50 z 80
Statystyki odpowiedzi
Zagadnienie Komórka Select % Poprawnych
PROFESIONES SEGUNDO Nie
90%
PROFESIONES CERO Nie
87%
PROFESIONES DEDICARSE Nie
87%
PROFESIONES EL HOTEL Nie
87%
PROFESIONES LA CARTA Nie
85%
PROFESIONES LIMPIAR Nie
85%
COMIDAS EL ALUMNO Nie
84%
COMIDAS EL BALLET Nie
83%
COMIDAS EL NOMBRE Nie
82%
MIEMBROS DE LA FAMILIA EL INSTITUTO Nie
81%
COMIDAS EL MAPA Nie
81%
COMIDAS EL SEPULTURERO Nie
81%
PAISES EXTREMADURA Nie
81%
COMIDAS LA GATA Nie
81%
MIEMBROS DE LA FAMILIA LA FLOR Nie
80%
PAISES MAR CARIBE Nie
80%
PROFESIONES EL GIMNASIO Nie
79%
MIEMBROS DE LA FAMILIA EL REY Nie
79%
PAISES ALHAMBRA Nie
78%
MIEMBROS DE LA FAMILIA EL CARTERO Nie
78%
MIEMBROS DE LA FAMILIA EL FLAMENCO Nie
78%
MIEMBROS DE LA FAMILIA EL HORARIO Nie
78%
MIEMBROS DE LA FAMILIA LA VELA Nie
78%
COMIDAS EL JUEVES Nie
76%
COMIDAS LA FRASE Nie
76%
MIEMBROS DE LA FAMILIA LA BEBIDA Nie
75%
MIEMBROS DE LA FAMILIA EL CAMINO Nie
74%
MIEMBROS DE LA FAMILIA EL MUERTO Nie
74%
PROFESIONES LA VENEZOLA Nie
73%
PAISES SAN JOSE Nie
72%
PROFESIONES EL DICCIONARIO Nie
71%
PAISES SUDAFRICANO Nie
71%
PROFESIONES EL PRESIDENTE Tak
70%
COMIDAS LA MARMELADA Tak
70%
PAISES SEGOVIA Nie
70%
PAISES CANADIENSE Nie
67%
PAISES CUBA Tak
67%
PAISES POLONIA Tak
67%
PROFESIONES LA COCINERA Tak
65%
MARCADORES DE LUGAR CASARSE Nie
64%
MARCADORES DE LUGAR ENCANTADO Nie
64%
MIEMBROS DE LA FAMILIA LA MADRE Tak
64%
COMIDAS LA PIZARRA Nie
64%
COMIDAS LA TOSTADA Tak
64%
PAISES SUECA Nie
64%
PROFESIONES EL CAMARERO Tak
63%
PAISES ALEMANIA Tak
62%
MARCADORES DE LUGAR EDAD Nie
61%
PROFESIONES LA ACTRIZ Tak
61%
MIEMBROS DE LA FAMILIA LOS HIJOS Tak
61%
MARCADORES DE LUGAR MIRA Nie
61%
PROFESIONES TAXISTA Tak
61%
MARCADORES DE LUGAR MUNDO Nie
60%
MARCADORES DE LUGAR QUE Nie
60%
MIEMBROS DE LA FAMILIA EL ABUELO Tak
59%
MIEMBROS DE LA FAMILIA LA CHICA Nie
59%
COMIDAS LA LECHUGA Tak
59%
MIEMBROS DE LA FAMILIA LAS HERMANAS Tak
58%
MARCADORES DE LUGAR CALLE Nie
56%
COMIDAS EL PEPINO Tak
56%
PAISES FRANCESA Nie
55%
PAISES BELIZE Tak
54%
PAISES INGLESA Nie
53%
COMIDAS LA SALCHICHA Tak
53%
COMIDAS LA FRAMBUESA Tak
52%
COMIDAS LA MANETQUILLA Tak
49%
MIEMBROS DE LA FAMILIA EL NOVIO Tak
43%
MARCADORES DE LUGAR CERCA Tak
34%
MARCADORES DE LUGAR ENTRE Tak
34%
MARCADORES DE LUGAR AL LADO Tak
30%
PROFESIONES CANTANTE Tak
30%
MARCADORES DE LUGAR DEBAJO Tak
29%
MARCADORES DE LUGAR ENCIMA Tak
29%
PROFESIONES LA AMA DE CASA Tak
29%
MARCADORES DE LUGAR LEJOS Tak
29%
MARCADORES DE LUGAR DELANTE Tak
28%
MARCADORES DE LUGAR EN Tak
28%
MARCADORES DE LUGAR A LA DERECHA Tak
27%
PAISES REINO UNIDO Tak
27%
PAISES MARRUECOS Tak
19%
Nie znaleziono quizów pasujących do podanych kryteriów
Rozkład punktacji
Procent ludzi z każdym wynikiem
Percentyl według liczby udzielonych odpowiedzi
Twoja historia wyników
Nie rozwiązałeś tego quizu